header

Leading the epic revolution (Record no. 15603)

MARC details
000 -LEADER
fixed length control field 01414nam a2200349 a 4500
082 04 - DEWEY DECIMAL CLASSIFICATION NUMBER
Classification number 658.4/038
100 1# - MAIN ENTRY--AUTHOR NAME
Personal name Muller, Hunter,
245 10 - TITLE STATEMENT
Title Leading the epic revolution
260 ## - PUBLICATION, DISTRIBUTION, ETC. (IMPRINT)
Place of publication Hoboken, N.J. :
Name of publisher John Wiley & Sons, Inc.,
Year of publication 2013.
300 ## - PHYSICAL DESCRIPTION
Number of Pages xxviii, 306 p. :
Other physical details ill.
490 0# - SERIES STATEMENT
Series statement CIO series
650 #0 - SUBJECT ADDED ENTRY--TOPICAL TERM
Topical Term Information technology
Topical Term Technological innovations
Topical Term Diffusion of innovations
Topical Term Chief information officers.
856 40 - ELECTRONIC LOCATION AND ACCESS
Uniform Resource Identifier http://site.ebrary.com/lib/rucke/Doc?id=10713578

No items available.

© 2026 Rongo University
Contact us: librarian | system librarian | Rongo university